000 00758nam a2200241Ia 4500
005 20241210110522.0
008 210303s9999 xx 000 0 und d
016 _2reto2022b
040 _aNLN
_bEnglish
050 _aB1301
_b.C7
082 _a192
100 _aCRAGG, Gerald Robertson
_eaut
_946407
245 0 _aReason and authority in the eighteenth century /
_cGerald Robertson Cragg
260 _aCambridge Eng. :
_bUniversity Press,
_c1964
300 _aix, 349p.
_b; 23cm.
563 _a(pbk)
650 _aReason
_921113
650 _aAuthority
_vGreat Britain
_961904
650 _aEnlightenment
_vGreat Britain
_961905
650 _aGreat Britain
_vIntellectual life
_954549
650 _aPhilosophy, English
_v18th century
_961906
942 _cBK
999 _c25038
_d25038